[Event "Syre Memorial op 25th"]
[Site "Issy les Moulineaux"]
[Date "2002.05.08"]
[Round "1"]
[White "Slavkov, Ivan"]
[Black "Danielczyk, Emmanuel"]
[Result "1-0"]
[WhiteElo "2169"]
[BlackElo "2026"]
[PlyCount "50"]
[EventDate "2002.05.08"]
[EventType "swiss"]
[EventRounds "7"]
[EventCountry "FRA"]
[SourceTitle "EXT 2004"]
[Source "ChessBase"]
[SourceDate "2003.11.25"]
[SourceVersion "1"]
[SourceVersionDate "2003.11.25"]
[SourceQuality "1"]

1. d4 d5 2. Nf3 e6 3. c4 c5 4. e3 Nc6 5. Nc3 Nf6 6. Be2 a6 7. cxd5 exd5 8. dxc5 Bxc5 9. 0-0 0-0 10. a3 Re8 11. b4 Bd6 12. Bb2 Bg4 13. g3 Bc7 14. Nd4 Bh3 15. Nxc6 bxc6 16. Re1 Qd7 17. Na4 Ne4 18. Nc5 Qf5 19. Nxe4 dxe4 20. Qc2 Re6 21. Rac1 Bb6 22. Red1 Rh6 23. Qc3 f6 24. Qc4+ Kh8 25. Qxc6 Rb8 1-0

[Event "Val Thorens op"]
[Site "Val Thorens"]
[Date "1999.??.??"]
[Round "?"]
[White "Brunner, Nicolas"]
[Black "Slavkov, Ivan"]
[Result "1/2-1/2"]
[WhiteElo "2013"]
[BlackElo "2217"]
[PlyCount "85"]
[EventDate "1999.07.??"]
[EventType "swiss"]
[EventRounds "9"]
[EventCountry "FRA"]
[SourceTitle "EXT 2001"]
[Source "ChessBase"]
[SourceDate "2000.11.22"]
[SourceVersion "1"]
[SourceVersionDate "2000.11.22"]
[SourceQuality "1"]

1. e4 c6 2. d4 d5 3. Nc3 dxe4 4. Nxe4 Nf6 5. Nxf6+ gxf6 6. Nf3 Bg4 7. c3 e6 8. Bf4 Nd7 9. Be2 Rg8 10. Qb3 Qb6 11. Qxb6 axb6 12. a3 b5 13. h3 Bh5 14. g4 Bg6 15. 0-0-0 Nb6 16. Nh4 Be4 17. Bf3 Bd5 18. Kc2 Be7 19. Bc7 Bxf3 20. Nxf3 Nd5 21. Bg3 Kd7 22. Ne1 h5 23. gxh5 Rh8 24. Ng2 Rxh5 25. Nf4 Nxf4 26. Bxf4 Rah8 27. Rd3 Rh4 28. Rf3 R8h5 29. Bd2 Rh7 30. Bf4 R4h5 31. Rd3 Rf5 32. Bg3 Rfh5 33. Bf4 Rh4 34. Rf3 f5 35. Kd3 f6 36. Ke2 c5 37. Kf1 Kc6 38. Kg2 Bf8 39. Re1 Rg7+ 40. Kh2 Kd5 41. Bg3 Rh5 42. Rfe3 cxd4 43. cxd4 1/2-1/2

[Event "Fouesnant op 04th"]
[Site "Fouesnant"]
[Date "1998.10.25"]
[Round "3"]
[White "Picart, Laurent"]
[Black "Slavkov, Ivan"]
[Result "0-1"]
[WhiteElo "2025"]
[BlackElo "2210"]
[PlyCount "38"]
[EventDate "1998.10.24"]
[EventType "swiss"]
[EventRounds "9"]
[EventCountry "FRA"]
[SourceTitle "EXT 2001"]
[Source "ChessBase"]
[SourceDate "2000.11.22"]
[SourceVersion "1"]
[SourceVersionDate "2000.11.22"]
[SourceQuality "1"]

1. d4 Nf6 2. c4 g6 3. Nc3 Bg7 4. e4 d6 5. f3 0-0 6. Be3 Nc6 7. Nge2 a6 8. Qd2 Rb8 9. Nc1 e5 10. d5 Nd4 11. N1e2 c5 12. dxc6 bxc6 13. Nxd4 exd4 14. Bxd4 c5 15. Be3 Qa5 16. Rb1 Ng4 17. Bd3 Nxe3 18. Qxe3 Rxb2 19. Rxb2 Qxc3+ 0-1

[Event "Fouesnant op 04th"]
[Site "Fouesnant"]
[Date "1998.10.25"]
[Round "2"]
[White "Slavkov, Ivan"]
[Black "Brard, Laurent"]
[Result "1-0"]
[WhiteElo "2210"]
[BlackElo "1850"]
[PlyCount "58"]
[EventDate "1998.10.24"]
[EventType "swiss"]
[EventRounds "9"]
[EventCountry "FRA"]
[SourceTitle "EXT 2001"]
[Source "ChessBase"]
[SourceDate "2000.11.22"]
[SourceVersion "1"]
[SourceVersionDate "2000.11.22"]
[SourceQuality "1"]

1. d4 Nf6 2. c4 c5 3. d5 b5 4. a4 bxc4 5. Nc3 d6 6. e4 g6 7. Bxc4 Ba6 8. Qd3 Bxc4 9. Qxc4 Bg7 10. Nf3 Nbd7 11. h3 0-0 12. 0-0 Rb8 13. Qe2 Ne8 14. Nb5 Qb6 15. Nd2 Rb7 16. Nc4 Qa6 17. Bd2 Nb6 18. Na5 Rb8 19. Nc6 Rb7 20. Qg4 Bxb2 21. Ra2 Bg7 22. Bg5 Nf6 23. Qh4 Nxa4 24. Nc3 Qc4 25. Rxa4 Qxc3 26. Rc1 Qd3 27. Nxe7+ Rxe7 28. Bxf6 Bxf6 29. Qxf6 Rd7 1-0

[Event "Syre Memorial op 19th"]
[Site "Issy les Moulineaux"]
[Date "1996.??.??"]
[Round "1"]
[White "Nepomiachty, Alexandre"]
[Black "Slavkov, Ivan"]
[Result "0-1"]
[WhiteElo "2195"]
[BlackElo "1940"]
[PlyCount "58"]
[EventDate "1996.05.??"]
[EventType "swiss"]
[EventRounds "6"]
[EventCountry "FRA"]
[SourceTitle "EXT 2005"]
[Source "ChessBase"]
[SourceDate "2004.11.15"]
[SourceVersion "1"]
[SourceVersionDate "2004.11.15"]
[SourceQuality "1"]

1. e4 c6 2. Nc3 d5 3. d4 dxe4 4. Nxe4 Bf5 5. Ng3 Bg6 6. Nf3 Nf6 7. Ne5 Nbd7 8. Nxg6 hxg6 9. Be2 e6 10. Nf1 Bd6 11. g3 Qc7 12. Ne3 0-0-0 13. c3 Nb6 14. a4 Nbd5 15. c4 Ne7 16. Bf3 Bb4+ 17. Kf1 Bc5 18. Nc2 Nf5 19. Bf4 Bd6 20. Bd2 e5 21. dxe5 Bxe5 22. Qc1 Bxb2 23. Qxb2 Rxd2 24. Qc3 Rhd8 25. Ne1 Qb6 26. c5 Qb2 27. Qxb2 Rxb2 28. Kg2 Rdd2 29. Rf1 Ne3+ 0-1